Durex Condom Varieties Quiz Stats

 Plays Quiz not verified by Sporcle

Also try: Poisoned Arrows
Challenge
Share
Tweet
Embed
Score 0/12 Timer 03:00
0 Plays Today
Colour Variety % Correct
greenRibbed
66.4%
dark blueExtra Safe
50%
pinkPleasuremax
42.1%
greyPerforma
30.9%
light blueTingle
28.3%
purpleElite
19.1%
orangeSensation
17.8%
redFetherlite
13.8%
violetComfort XL
12.5%
orange-redPleasuremax Warming
11.8%
yellowSelect Flavours
11.8%
purple-pinkAvanti Ultima
9.9%

You're not logged in!

Compare scores with friends on all Sporcle quizzes.
Join for Free
OR
Log In

You Might Also Like...

Show Comments

Extras

Top Quizzes Today


Score Distribution

Your Account Isn't Verified!

In order to create a playlist on Sporcle, you need to verify the email address you used during registration. Go to your Sporcle Settings to finish the process.

Report this User

Report this user for behavior that violates our Community Guidelines.

Details: